Statystyki dla Dopasuj państwo do miasta - Europa #3

Kliknij tutaj aby rozwiązać quiz!

Ogólne statystyki

  • Ten quiz został rozwiązany 121 razy
  • Średni wynik to 8 z 12

Statystyki odpowiedzi

MiastoPaństwo% Poprawnych
PetersburgRosja
94%
BudapesztWęgry
94%
Sevilla/SewillaHiszpania
93%
MalmöSzwecja
90%
ValettaMalta
89%
KoszyceSłowacja
82%
TimișoaraRumunia
73%
BragaPortugalia
62%
TartuEstonia
52%
NiszSerbia
40%
GandawaBelgia
38%
SchaanLiechtenstein
35%

Rozkład punktacji

Percentyl według liczby udzielonych odpowiedzi

Procent ludzi z każdym wynikiem

Twoja historia wyników

Nie rozwiązałeś tego quizu